000 00571nam a2200229Ia 4500
003 OSt
005 20220924143125.0
006 a|||||r|||| 00| 0
007 ta
008 220923b |||||||| |||| 00| 0 urd d
024 _a306794
037 _cTextual
040 _aARTS
_cARTS
_burd
041 _2urd
_aurd
082 _aO168,1w2,N, N1.1.-.5
100 _aSriram
245 0 _aKhamkhanah -e- jawed
260 _c1991
650 _aURDU LITERATURE
942 _hO168,1w2,N, N1.1.-.5
_cTEXL
_2CC
999 _c453260
_d453260